<?xml version="1.0" encoding="UTF-8"?>
<collection xmlns:xsi="http://www.w3.org/2001/XMLSchema-instance" xsi:schemaLocation="http://www.loc.gov/MARC21/slim http://www.loc.gov/standards/marcxml/schema/MARC21slim.xsd" xmlns="http://www.loc.gov/MARC21/slim">
 <record>
  <leader>00000cam a22000004i 4500</leader>
  <controlfield tag="001">UP-1685594773861559976</controlfield>
  <controlfield tag="003">Buklod</controlfield>
  <controlfield tag="005">20080505160421.0</controlfield>
  <controlfield tag="006">j|||||||||||||| | </controlfield>
  <controlfield tag="007">ta</controlfield>
  <controlfield tag="008">160322s1989    xx a    rb   |||0 0beng d</controlfield>
  <datafield tag="020" ind1=" " ind2=" ">
   <subfield code="a">9711002795</subfield>
  </datafield>
  <datafield tag="035" ind1=" " ind2=" ">
   <subfield code="a">(iLib)UPBAG-00002630797</subfield>
  </datafield>
  <datafield tag="040" ind1=" " ind2=" ">
   <subfield code="d">BAG</subfield>
   <subfield code="e">rda</subfield>
  </datafield>
  <datafield tag="041" ind1=" " ind2=" ">
   <subfield code="a">eng</subfield>
  </datafield>
  <datafield tag="090" ind1=" " ind2="0">
   <subfield code="a">GN 488</subfield>
   <subfield code="b">P45</subfield>
  </datafield>
  <datafield tag="245" ind1="0" ind2="0">
   <subfield code="a">Philippine kinship and society</subfield>
   <subfield code="c">edited by Yasushi Kikuchi.</subfield>
  </datafield>
  <datafield tag="264" ind1=" " ind2="1">
   <subfield code="a">Quezon City</subfield>
   <subfield code="b">New Day</subfield>
   <subfield code="c">©1989.</subfield>
  </datafield>
  <datafield tag="300" ind1=" " ind2=" ">
   <subfield code="a">249 pages</subfield>
   <subfield code="b">illustrations</subfield>
   <subfield code="c">22cm</subfield>
  </datafield>
  <datafield tag="505" ind1="0" ind2=" ">
   <subfield code="a">Elemnets of Filipino social organization /F. Landa Jocano -- The concept pf corporate group in cognatic forms: dynamic aspects in the Philippines /Yasushi Kikuchi -- Cosmology and settlement pattern of the Bontok Igorot in Northern Luzon /Seiichi Muratake -- Notes on the kinship system of the Kiangan Ifugao /Kyoko Kikuchi -- I'wak Kin-oriented systems /Jesus T. Peralta -- Santo Niño and Shun Tian Sheng Mu: an aspecct of the &quot;Shenism&quot; of the Chinese community in Manila /Kokan Sasaki -- The emergence of political leadership and corporate group : the cognatic society of Mindoro Swidden agriculturists /Yasushi Kikuchi -- Kinship and politics: the reproduction of political units among the Alangan-Mangyan in mindoro Oriental /Jurg Helbling -- Costume culture among Mindoro higlanders: a case study of the Hanunoo-Mangyan /Junkichi Watari -- Kinship and technological change: a study from Western Visayas, Philippines /F. Lando Jocano -- Datuship and the local community among the Bukidnon /Yuki Fumitaka -- Dry-season, Wet-rice farming in a Philippine village /Elfredo E. Evangelista -- Acculturation among the Kiangan Ifugao as reveladed in several civil cases /Kyoko Kikuchi.</subfield>
  </datafield>
  <datafield tag="650" ind1=" " ind2="0">
   <subfield code="a">Kinship</subfield>
   <subfield code="z">Philippines.</subfield>
  </datafield>
  <datafield tag="651" ind1=" " ind2="0">
   <subfield code="a">Philippines</subfield>
   <subfield code="x">Social life and customs.</subfield>
  </datafield>
  <datafield tag="700" ind1="1" ind2=" ">
   <subfield code="a">Kikuchi, Yasushi.</subfield>
   <subfield code="e">editor.</subfield>
  </datafield>
  <datafield tag="905" ind1=" " ind2=" ">
   <subfield code="a">FI</subfield>
  </datafield>
  <datafield tag="852" ind1="0" ind2=" ">
   <subfield code="a">UPBAG</subfield>
   <subfield code="b">UPBAG-MAIN</subfield>
   <subfield code="h">GN 488 P45</subfield>
  </datafield>
  <datafield tag="942" ind1=" " ind2=" ">
   <subfield code="a">Book</subfield>
  </datafield>
 </record>
</collection>
